01079cam a2200325 a 4500999001300000001000800013003000400021005001700025008004100042010001700083020002800100040001800128050002100146082002100167100001900188245008200207260004400289300002100333504005400354650001700408650003200425650002200457650002500479650002000504650002700524700002300551906004500574942001200619952012200631 c228d2282105978OSt20180809171155.0960409s1996 miu b 000 0 eng  a 96016009  a0892839341 (alk. paper) aDLCcDLCdDLC00aBT123b.S48 199600a248.8220bS553W1 aSherrer, Quin.12aA woman's guide to Spirit-filled living /cQuin Sherrer and Ruthanne Garlock. aAnn Arbor, Mich. :bVine Books,cc1996. a247 p. ;c21 cm. aIncludes bibliographical references (p. 237-247). 0aHoly Spirit. 0aBaptism in the Holy Spirit. 0aGifts, Spiritual. 0aFruit of the Spirit. 0aPentecostalism. 0aWomenxReligious life.1 aGarlock, Ruthanne. a7bcbccorignewd1eocipf19gy-gencatlg 2ddccBK 00102ddc40708NFICaHMCbHMCcGENd2018-08-09g700.00l0o248.8 S553Wp001142r2018-08-09 00:00:00w2018-08-09yBK